| 000 | 00509nam a2200205Ia 4500 | ||
|---|---|---|---|
| 003 | OSt | ||
| 005 | 20250801144650.0 | ||
| 008 | 250729s2004 xx 000 0 und d | ||
| 020 | _a978-8171418367 | ||
| 040 | _cAL | ||
| 041 | _aeng | ||
| 082 | _a370.78 RAOA | ||
| 100 |
_aRao Digumurthi _9220673 |
||
| 245 | _a Adjustment of Adolescents | ||
| 260 |
_aNew Delhi _bDiscovery Publishing House _c2004 |
||
| 300 | _a65p | ||
| 650 |
_aPsychology _9220674 |
||
| 700 |
_aHarshita D _9220675 |
||
| 942 |
_2ddc _cBK |
||
| 999 |
_c234687 _d234687 |
||